[Event "La Pobla de Lillet op 26th"]
[Site "La Pobla de Lillet"]
[Date "2016.08.09"]
[Round "8.8"]
[White "Gonzalez Rodriguez, Javier"]
[Black "Corriguelas Armillas, Frederic"]
[Result "1-0"]
[WhiteElo "2306"]
[BlackElo "1980"]
[PlyCount "109"]
[EventDate "2016.08.02"]
[EventType "swiss"]
[EventRounds "9"]
[EventCountry "ESP"]
[SourceTitle "EXT 2024"]
[Source "ChessBase"]
[SourceDate "2023.10.10"]
[SourceVersion "1"]
[SourceVersionDate "2023.10.10"]
[SourceQuality "1"]

1. b3 Nf6 2. Bb2 g6 3. Bxf6 exf6 4. d4 d5 5. e3 c5 6. dxc5 Bxc5 7. c3 Nc6 8. Ne2 0-0 9. Nd2 Ne5 10. Nd4 Re8 11. Be2 f5 12. 0-0 Be6 13. N2f3 Ng4 14. b4 Bd6 15. a3 Rc8 16. Rc1 Bb8 17. g3 h5 18. c4 h4 19. Nxe6 fxe6 20. cxd5 Rxc1 21. Qxc1 exd5 22. Nxh4 Nxh2 23. Rd1 Qg5 24. Ng2 Ng4 25. Bxg4 fxg4 26. Qc5 Rd8 27. e4 Kg7 28. Rxd5 Rxd5 29. exd5 b6 30. Qd4+ Be5 31. Qd1 Bd6 32. a4 Kf7 33. b5 Kg7 34. Qd4+ Be5 35. Qe3 Qf6 36. Qe2 Qg5 37. Qc4 Bd6 38. Ne3 Bxg3 39. Qxg4 Qxg4 40. Nxg4 Bf4 41. Kg2 Kf7 42. Kf3 g5 43. Ne3 Ke7 44. Nc4 Kd7 45. Ke4 Bc1 46. f3 Bf4 47. Kd4 Bh2 48. Ne5+ Kc7 49. Nf7 Bf4 50. Ke4 Bc1 51. Ke5 Kd7 52. d6 Bf4+ 53. Kd5 Bh2 54. Ne5+ Kc8 55. Ke6 1-0

[Event "La Pobla de Lillet op 26th"]
[Site "La Pobla de Lillet"]
[Date "2016.08.08"]
[Round "7.6"]
[White "Ayza Ballester, Jordi"]
[Black "Gonzalez Rodriguez, Javier"]
[Result "1-0"]
[WhiteElo "2168"]
[BlackElo "2306"]
[PlyCount "44"]
[EventDate "2016.08.02"]
[EventType "swiss"]
[EventRounds "9"]
[EventCountry "ESP"]
[SourceTitle "EXT 2024"]
[Source "ChessBase"]
[SourceDate "2023.10.10"]
[SourceVersion "1"]
[SourceVersionDate "2023.10.10"]
[SourceQuality "1"]

1. e4 g6 2. d4 Bg7 3. Nc3 d6 4. Be3 c6 5. Qd2 b5 6. a4 b4 7. Na2 a5 8. c3 bxc3 9. Nxc3 Ba6 10. Bxa6 Nxa6 11. Nge2 Rb8 12. d5 c5 13. Rb1 Nc7 14. 0-0 Nf6 15. Bh6 0-0 16. Bxg7 Kxg7 17. f4 Rb4 18. Qc2 Qb8 19. h3 Qb7 20. Rfd1 Rb8 21. Rd2 e6 22. e5 dxe5 1-0

[Event "La Pobla de Lillet op 26th"]
[Site "La Pobla de Lillet"]
[Date "2016.08.02"]
[Round "1.4"]
[White "Guasch Murtra, Josep Maria"]
[Black "Gonzalez Rodriguez, Javier"]
[Result "0-1"]
[WhiteElo "1968"]
[BlackElo "2306"]
[PlyCount "90"]
[EventDate "2016.08.02"]
[EventType "swiss"]
[EventRounds "9"]
[EventCountry "ESP"]
[SourceTitle "EXT 2024"]
[Source "ChessBase"]
[SourceDate "2023.10.10"]
[SourceVersion "1"]
[SourceVersionDate "2023.10.10"]
[SourceQuality "1"]

1. d4 Nf6 2. c4 c5 3. d5 e5 4. Nc3 d6 5. e4 g6 6. Bd3 Bg7 7. Nge2 h5 8. a3 Nh7 9. b4 Na6 10. Rb1 Qe7 11. b5 Nb8 12. Be3 h4 13. Kd2 f5 14. f3 Ng5 15. Kc2 h3 16. Qf1 f4 17. Bd2 hxg2 18. Qxg2 Bh3 19. Qf2 Nd7 20. Rbg1 0-0-0 21. a4 Rh7 22. a5 Rdh8 23. b6 a6 24. Nb5 Bf6 25. Na7+ Kb8 26. Nc6+ bxc6 27. dxc6 Nf8 28. Nc3 Nfe6 29. Nd5 Nd4+ 30. Kb2 Qf7 31. c7+ Kb7 32. Be2 Nge6 33. Nxf6 Qxf6 34. Bd1 Nc6 35. Ba4 Ned4 36. Bc3 Be6 37. Bxd4 Nxd4 38. Qg2 Rh6 39. Ka3 R8h7 40. h4 Bxc4 41. h5 gxh5 42. Qg8 Bxg8 43. Rxg8 Rxc7 44. bxc7 Kxc7 45. Rb1 Rh8 0-1